Culture Générale - Série 2607 - Statistiques

Statistiques générales
  • Ce quiz a été pris 121 fois
  • Le résultat moyen est 5 sur 10
Statistiques - réponses
Question Réponse % Correct
Quel est le prénom du Président de la République française élu en 1981 ? François
89%
En quelle année fut fondé l'état d'Israël ? 1948
81%
Comment se nomme le plan d'aide économique à l'Europe mis en place par les Etats-Unis en 1947 ? Marshall
77%
Comment s'appelle le premier satellite artificiel placé en orbite le 4 octobre 1957 ? spoutnik
71%
Issue, gouttière en saillie par laquelle s'éjectent les eaux de pluie, souvent sculptée en forme d'animal, de démon, de monstre - Celles de Notre Dame sont célèbres gargouille
69%
Dans la mythologie grecque, comment s'appelle le fils d'Ulysse et de Pénélope ? Télémaque
49%
Dans quel pays le fleuve Ienisseï prend-il sa source ? (3487 km) ? Mongolie
33%
Trouver à redire sur des points de détail, des choses insignifiantes - 7 lettres commençant par " e " ergoter
20%
Pièce de bois ou de métal souvent placée par paire dans une cheminée ou un foyer et servant à soutenir les bûches, afin que celles-ci n'étouffent pas le feu. chenet
16%
instrument de musique à vent de la famille des cuivres, d’origine étrusque et en usage dans l’armée romaine antique -Gros mollusque gastéropode des côtes de l'Atlantique - 6 lettres commençant par " b " buccin
1%
Aucun quiz correspondant
Distribution des résultats
% des personnes avec chaque résultat
Percentile par nombre de réponses
Votre historique - résultats
Vous n’avez pas pris ce quiz